<?xml version="1.0" encoding="UTF-8"?><?xml-stylesheet type="text/xsl" href="static/style.xsl"?><OAI-PMH xmlns="http://www.openarchives.org/OAI/2.0/" xmlns:xsi="http://www.w3.org/2001/XMLSchema-instance" xsi:schemaLocation="http://www.openarchives.org/OAI/2.0/ http://www.openarchives.org/OAI/2.0/OAI-PMH.xsd"><responseDate>2026-04-18T04:06:32Z</responseDate><request verb="GetRecord" identifier="oai:www.recercat.cat:20.500.12327/2311" metadataPrefix="marc">https://recercat.cat/oai/request</request><GetRecord><record><header><identifier>oai:recercat.cat:20.500.12327/2311</identifier><datestamp>2025-10-22T11:00:44Z</datestamp><setSpec>com_2072_4428</setSpec><setSpec>com_2072_4427</setSpec><setSpec>col_2072_487898</setSpec></header><metadata><record xmlns="http://www.loc.gov/MARC21/slim" xmlns:dcterms="http://purl.org/dc/terms/" xmlns:xsi="http://www.w3.org/2001/XMLSchema-instance" xmlns:doc="http://www.lyncode.com/xoai" xsi:schemaLocation="http://www.loc.gov/MARC21/slim http://www.loc.gov/standards/marcxml/schema/MARC21slim.xsd">
   <leader>00925njm 22002777a 4500</leader>
   <datafield ind2=" " ind1=" " tag="042">
      <subfield code="a">dc</subfield>
   </datafield>
   <datafield ind2=" " ind1=" " tag="720">
      <subfield code="a">Verdejo-Lucas, Soledad</subfield>
      <subfield code="e">author</subfield>
   </datafield>
   <datafield ind2=" " ind1=" " tag="260">
      <subfield code="c">2023-07-07</subfield>
   </datafield>
   <datafield ind2=" " ind1=" " tag="520">
      <subfield code="a">Commercial tomatoes are usually complex F1 hybrids with multiple resistances genes 9 from different wild Solanum species. The response of tomato cultivars with resistance to root-knot 10 nematodes (RKN) and Tomato yellow leaf curl virus (TYLCV) to infection by M. javanica was deter- 11 mined in controlled environment and in the field. Four treatments were tested: cultivars with i) 12 RKN resistance alone, ii) RKN and TYLCV resistance (RKN+TYLCV), iii) TYLCV resistance alone, 13 and iv) none (susceptible to the nematode and virus). The RKN resistant plants were highly effective 14 suppressing nematode infection and reproduction both in controlled environment and in the field. 15 The RKN+TYLCV resistant plants were also effective but less (P&lt;0.001) than the RKN plants in con- 16 trolled environment although their resistance levels were significantly reduced in the field. None- 17 theless, the RKN+TYLCV plants supported lower (P&lt;0.001) nematode infection and reproduction 18 than the susceptible control plants. The TYLCV resistant plants reduced (P&lt;0.001) nematode infec- 19 tion and reproduction compared to the susceptible control in controlled environment and in the 20 field. The divergent response of tomato cultivars with resistance to TYLCV to infection by Meloido- 21 gyne javanica was attributed to the genetic background of the cultivars.</subfield>
   </datafield>
   <datafield ind1="8" ind2=" " tag="024">
      <subfield code="a">Verdejo-Lucas, Soledad. 2023. "Divergent Responses Of Tomato Cultivars With Resistance To Tomato Yellow Leaf Curl Virus As Infected By Meloidogyne Javanica". Horticulturae 9 (7): 777. https://www.mdpi.com/2311-7524/9/7/777/html.</subfield>
   </datafield>
   <datafield ind1="8" ind2=" " tag="024">
      <subfield code="a">2311-7524</subfield>
   </datafield>
   <datafield ind1="8" ind2=" " tag="024">
      <subfield code="a">http://hdl.handle.net/20.500.12327/2311</subfield>
   </datafield>
   <datafield ind1="8" ind2=" " tag="024">
      <subfield code="a">https://doi.org/10.3390/horticulturae9070777</subfield>
   </datafield>
   <datafield ind2="0" ind1="0" tag="245">
      <subfield code="a">Divergent responses of tomato cultivars with resistance to Tomato yellow leaf curl virus to infection by  Meloidogyne javanica</subfield>
   </datafield>
</record></metadata></record></GetRecord></OAI-PMH>